000 00652cam a22002293a 4500
001 31513
003 PGUSA
005 20140828083700.0
008 100305s2010||||xxu|||||s|||||000 | eng d
040 _aPGUSA
_beng
042 _adc
050 4 _aQH
100 1 _aMetcalf, Artie L.
245 1 0 _aFishes of the Wakarusa River in Kansas
_h[electronic resource] /
_cArtie L. Metcalf
260 _bProject Gutenberg,
_c2010
506 _aPublic domain in the USA.
516 _aElectronic text
653 _aFishes -- Kansas -- Wakarusa River
830 0 _aProject Gutenberg
_v31513
856 4 0 _uhttp://www.gutenberg.org/ebooks/31513
942 _cEB
999 _c260768
_d260768